000 00812cam a2200241 4500
008 000000n2000 000 0 eng u
020 _a1902375343
035 _a(Sirsi) u100062
041 _aENG
050 _a336.39
100 _aBlackwell, Martin
245 4 _aThe PFI/PPP and property: a practical guide.
260 _aOxford
_bChandos Publishing Limited
_c2000
300 _aix, 103p. ; 28cm.
350 _a59.95
520 _aA comprehensive text which covers a history of PFI, an introduction to PPP, the PFI process legal issues, finance, accountancy and risk transfer.
650 _aPRIVATE FINANCE INITIATIVE
650 _aPUBLIC PRIVATE PARTNERSHIPS
650 _aRISK TRANSFER
650 _aBEST VALUE
690 _aMANAGEMENT-BUSINESS MANAGEMENT-FINANCIAL MANAGEMENT
942 _n0
999 _c99569
_d99569